| Tag |
First Indicator |
Second Indicator |
Subfields |
| LEADER |
00000cam a2200000 a 4500 |
| 001 |
in00000092915 |
| 005 |
20150923173405.0 |
| 008 |
800723s1980 enka b 10000 eng d |
| 020 |
|
|
|a 0853348898
|
| 035 |
|
|
|a (OCoLC)06541382
|
| 035 |
|
|
|9 AAK7923AM
|
| 040 |
|
|
|a BKM
|c BKM
|d m.c.
|d TXA
|d UtOrBLW
|
| 049 |
|
|
|a TXAM
|c [444405]
|
| 090 |
|
|
|a TA409
|b A37
|
| 245 |
0 |
0 |
|a Advances in elasto-plastic fracture mechanics :
|b proceedings of a seminar held at the Joint Research Centre of the Commission of the European Communities, Ispra (Varese), Italy, in the framework of the Ispra courses, April 2-6, 1979 /
|c edited by L.H. Larsson.
|
| 264 |
|
1 |
|a London :
|b Applied Science Publishers,
|c [1980]
|
| 264 |
|
4 |
|c ©1980
|
| 300 |
|
|
|a x, 428 pages :
|b illustrations ;
|c 23 cm.
|
| 336 |
|
|
|a text
|b txt
|2 rdacontent
|
| 337 |
|
|
|a unmediated
|b n
|2 rdamedia
|
| 338 |
|
|
|a volume
|b nc
|2 rdacarrier
|
| 504 |
|
|
|a Includes bibliographies.
|
| 650 |
|
0 |
|a Fracture mechanics
|v Congresses.
|
| 700 |
1 |
|
|a Larsson, Lars Hannes.
|
| 710 |
2 |
|
|a Commission of the European Communities.
|b Joint Research Centre.
|
| 711 |
2 |
|
|a Advanced Seminar on Fracture Mechanics
|n (2nd :
|d 1979 :
|c Ispra, Italy)
|
| 999 |
|
|
|a MARS
|
| 999 |
f |
f |
|s 320c82fa-e0e0-3d29-ab77-5f0a7b8b5f05
|i 425b775c-3132-35a2-990f-1fb9f5afe7e8
|t 0
|
| 952 |
f |
f |
|p ric
|a Texas A&M University
|b Rellis Campus
|c Joint Library Facility
|d Remote Storage
|t 0
|e TA409 A37
|h Library of Congress classification
|i unmediated -- volume
|m A14806013854
|
| 998 |
f |
f |
|a TA409 A37
|t 0
|l Remote Storage
|